[Event "Dortmund 45th"]
[Site "Dortmund"]
[Date "2017.07.23"]
[Round "7"]
[White "Kramnik, Vladimir"]
[Black "Bluebaum, Matthias"]
[Result "1-0"]
[WhiteElo "2812"]
[BlackElo "2642"]
[Annotator "Prathamesh,Sunil Mokal"]
[PlyCount "75"]
[EventDate "2017.07.15"]
[EventType "tourn"]
[EventRounds "7"]
[EventCountry "GER"]
[EventCategory "19"]
[SourceTitle "CBM 180"]
[Source "ChessBase"]
[SourceDate "2017.09.13"]
[SourceVersion "1"]
[SourceVersionDate "2017.09.13"]
[SourceQuality "1"]

{Before this last round Kramnik was in last position with 2.5/6 and that too in a tournament which he has won 10 times.} 1. Nf3 {Not surprisingly then, the choice of opening seems to suggest playing more chess and less theory.} d5 2. g3 Bg4 3. Bg2 e6 4. O-O Nf6 5. d3 Be7 6. h3 Bh5 7. c4 {[%csl Rh5][%cal Gd1b3] The idea is well known and seen in similar positions when the black bishop is developed on f5.} ({A blitz game was played at the top level recently} 7. Nbd2 c5 8. e4 Nc6 9. Re1 dxe4 10. dxe4 O-O 11. e5 Nd7 12. g4 Bg6 13. Nc4 Nb4 $36 {1-0 Caruana,F (2808)-Carlsen,M (2832)/Paris 2017 (49)}) ({RR} 7. Nbd2 c5 8. e4 Nc6 9. Re1 dxe4 10. dxe4 O-O 11. e5 Nd7 12. g4 Bg6 13. Nc4 Nb4 14. Ne3 Nb6 15. Qe2 N6d5 16. Rd1 Qc7 17. Nxd5 Nxd5 18. a3 c4 19. Nd4 Rfd8 20. Kh1 c3 21. b4 Qb6 {Caruana,F (2808)-Carlsen,M (2832) Paris 2017 1-0 (49)}) ({RR} 7. Nbd2 c5 8. e4 Nc6 9. exd5 Nxd5 10. Re1 O-O 11. Nc4 Qc7 12. a4 Rad8 13. Bd2 Bf6 14. Qc1 h6 15. Ne3 Ndb4 16. Ng4 Be7 17. Bc3 Nd4 18. Nxd4 cxd4 19. Bxb4 Bxb4 20. Rf1 Rc8 21. c3 dxc3 {Meskovs,N (2504)-Bluebaum,M (2681) Riga 2021 0-1 (35)}) 7... c6 8. Qb3 Qc8 ({The natural move would be} 8... Qb6 {but Black has to accept weak squares on the queenside after} 9. Be3 Qxb3 10. axb3 a6 {[%csl Rb6] which should give White a slight edge} 11. g4 Bg6 12. Ne5 Nbd7 13. Nxg6 hxg6 14. Nc3 $14 {0-1 Meier,G (2630)-Karjakin,S (2783)/chess.com INT 2017 (58)}) 9. g4 $146 ({RR} 9. Bf4 Nbd7 10. Nbd2 h6 11. g4 Bg6 12. Rac1 O-O 13. cxd5 exd5 14. Bg3 Bh7 15. Nd4 Re8 16. Qc3 Qd8 17. b4 Bf8 18. N2b3 Qb6 19. a3 a6 20. Rfe1 g5 21. Qd2 a5 22. bxa5 Qd8 23. a4 Bg6 {Kramnik,V (2753)-Indjic,A (2610) chess.com INT 2024 1-0 (63)}) ({RR} 9. Bf4 Nbd7 10. Nbd2 h6 11. g4 Bg6 12. Rac1 O-O 13. cxd5 exd5 14. Bg3 Bh7 15. Nd4 Re8 16. Qc3 Qd8 17. b4 Bf8 18. N2b3 Qb6 19. a3 a6 20. Rfe1 g5 21. Qd2 a5 22. bxa5 Qd8 23. a4 Bg6 {Kramnik,V (2753)-Indjic,A (2610) chess.com INT 2024 1-0 (63)}) 9... Bg6 10. cxd5 cxd5 (10... Nxd5 $6 11. e4 Nf6 12. Ne5 $14) (10... exd5 11. Nh4 $14 {[%cal Ge2e4,Gf2f4]}) 11. Bf4 Nc6 12. Nc3 O-O 13. Rac1 Qd7 ({A correspondence game with a different move order went} 13... Nd7 14. Na4 Re8 15. Rfe1 Bd8 16. Nd4 e5 17. Nxc6 bxc6 18. Bg3 Qa6 $11 {½-½ Ronat,O -Krebs,J/2014 (50)}) 14. Ne5 ({An interesting positional sacrifice was suggested by the machines} 14. e4 $5 dxe4 15. dxe4 Nxe4 16. Rfd1 Qc8 17. Nxe4 Bxe4 18. Ne5 Bxg2 19. Kxg2 Rd8 20. Rxd8+ Bxd8 21. Nxc6 bxc6 22. Qa4 $44) 14... Nxe5 15. Bxe5 h5 {A principled move, targeting the weakened kingside.} (15... Bd6 $5 16. f4 $14 (16. Bxd6 Qxd6 17. e4 $5 (17. Qxb7 $4 Rfb8)) (16. Bxf6 gxf6 $13)) 16. g5 (16. gxh5 Nxh5 $15 {[%csl Rh3]}) 16... Ne8 (16... Nh7 17. f4 $14) 17. f4 (17. h4 $5 f6 $1 18. gxf6 Bxf6) 17... Bc5+ {Forcing White to close the retreat path of his bishop.} ({Black could have seriously considered} 17... f6 $5 18. gxf6 gxf6 19. Bd4 Ng7 {[%cal Gg7f5,Gf5g3,Gf5e3,Gf5d4]} 20. Bf2 $13 {although Black has some weaknesses, White has been pushed back a little.} (20. e4 $2 {[%csl Rd4]} dxe4 $17 {[%csl Rd4]}) (20. Kh1 Kh8 $132 (20... Nf5 21. Bf2))) 18. d4 (18. Kh1 $6 Be3 19. Rc2 Nd6 $15) 18... Bb6 {[%csl Re5]} 19. f5 $1 (19. Na4 Bf5 {is fine for Black.} (19... f6 20. Nxb6 axb6 21. f5 Bxf5 22. Rxf5 exf5 23. Bxd5+ $36)) (19. Qa3 Bf5 {is also solid} (19... f6 20. f5)) 19... Bxf5 20. Rxf5 exf5 21. Nxd5 {[%csl Rh5][%cal Gg5g6,Gd5f4,Gd5f6,Gb3g3,Gg2a8] For the exchange, White gets enough compensation in the form of a weakened black structure and dynamic attacking chances with freedom and creativity for all his pieces.} Qe6 {[%cal Ge6e5]} 22. Kh1 (22. g6 $4 Qxe5) (22. e3 $5) 22... Rd8 23. Qf3 ({There was the very tempting and aesthetically pleasing} 23. g6 $5 {but Black has a way to sort things out with the unnatural} Nf6 $1 {with no fear of the likely compromise of pawn structure as long as the attack is neutralised.} (23... Qxg6 24. Ne7+ $18) (23... Nd6 24. Nf6+ gxf6 25. gxf7+ Kxf7 26. Bd5 $18) (23... fxg6 24. Rc8 $1 Nc7 (24... Rxc8 25. Ne7+ Kf7 26. Bd5 $18) (24... Qxc8 25. Nxb6+ $18) 25. Rxc7 Bxc7 26. Bxc7 $14) 24. Bxf6 (24. Nxf6+ gxf6 $19 {[%csl Re5]}) 24... gxf6 $17) 23... g6 24. e3 {[%csl Rb6] Kramnik refuses to get distracted with queenside material.} (24. Nxb6 {gets back a pawn, and may be a tiny edge but Kramnik had his eyes set on the black king} axb6 (24... Qxb6 25. Qxb7 Qxb7 26. Bxb7 Nd6 27. Bc6 Ne4 28. Kg2 $14 {/=}) 25. Qxb7 Rd7 26. Qc6) (24. Nf4 $2 Qxa2 25. Nxh5 Bxd4 $19) 24... Kh7 $6 {Bluebaum misses his moment} ({From a defensive perspective there was a clear plan for improvement of the bishop that was biting on the d4-e3 granite with} 24... Rd7 $1 $132 {[%cal Gb6d8]} 25. b3 (25. Rc8 Rxd5) 25... Bd8 26. h4 (26. Nf4 Qa6 $17) 26... Qa6 27. a4 Qd3 $17) (24... Ng7 25. Nf6+ Kh8 26. Qxb7 $16) 25. Nf4 Qe7 ({Taking the pawn in the corner would be dangerous} 25... Qxa2 $6 26. Qxb7 {[%csl Rg6][%cal Gb7h7]} Kg8 (26... Nd6 27. Qe7 Rfe8 28. Qf6 Rxe5 29. Qxe5 $16) 27. Rc6 $18 {[%cal Gc6g6]} (27. Qe7)) 26. Qg3 (26. Qxb7 Qxb7 (26... Qxg5 27. Rc6 Kg8 28. Nxg6 fxg6 29. Bf4 $18) 27. Bxb7 Nd6 $11 {[%cal Gd6e4]}) (26. Nxh5 $2 Qxg5 $17) 26... Bc7 27. Rxc7 $1 {Fearless Kramnik sacrifices a second exchange, clearly indicating that the bishop on e5 is more valuable for his attack than the rook on c1!} (27. Bf6 $2 Nxf6 28. gxf6 Qd7 29. Qg5 Bxf4 30. Qxf4 Rc8 $19) (27. Bxc7 $6 Nxc7 $17 28. Nxh5 gxh5 29. Qh4 Kg7 30. Qxh5 Rh8 $19) 27... Nxc7 28. Bf6 ({IF} 28. Qh4 {then after} Kg8 {Black has a perpetual ready} (28... f6 29. gxf6 Qf7 $14) 29. Nxh5 gxh5 30. Bf6 (30. Qxh5 f6 $19) 30... Qxe3 31. Qxh5 Qc1+ 32. Kh2 Qf4+ $11) 28... Qb4 (28... Qd7 29. Qh4 Ne8 (29... Kg8 30. Nxh5 Ne8 31. Nf4) 30. Nxh5 Kg8 31. Nf4 Nxf6 32. gxf6 Qd6 33. Bd5 $1 (33. Qg5 Rd7 34. Bd5 Rc8 35. Qxg6+ Kf8 36. Qxf5) 33... Qa6 (33... Rc8 34. Qg5 Rc1+ 35. Kh2 Rc2+ 36. Kg3 Kh7 37. Bxf7 $1 $18) 34. Qh6 Qxf6 35. Nh5 $1 gxh5 (35... Qh8 36. Qxg6+) 36. Qxf6 Rxd5 37. Qg5+ Kh7 38. Qxh5+ Kg7 39. Qg5+ Kh7 40. Qe7 Kg7 41. Qxb7 $16) 29. Nxh5 $1 gxh5 (29... Ne8 $142 30. Bxd8 (30. Qh4 Kg8) 30... gxh5 31. Qf2 (31. Qf3 Ng7) 31... Ng7 32. Bf6 Rc8 $13) 30. g6+ (30. Qh4 Kg6 31. Bf3 Rh8 $19) (30. Qxc7 Qe1+ 31. Kh2 Rc8 $19) 30... Kg8 (30... fxg6 31. Qxc7+ $18) 31. Qg5 $1 (31. gxf7+ Kxf7 32. Qg7+ Ke8 33. Qg6+ Kd7 $15) (31. g7 Rfe8 32. Qg5 Qe1+ 33. Kh2 Qxe3 $19) 31... h4 $4 {A miscalculation in a difficult position, probably due to time pressure.} ({The best defence was} 31... Nd5 $142 32. Bxd8 (32. gxf7+ Kxf7 33. Bxd8 Rxd8 34. Qxd8 Qe1+ 35. Kh2 Nxe3 36. Bxb7 (36. Qd7+ Kf6 37. Qd6+ $11) 36... Qf2+ 37. Kh1 Qf1+ 38. Kh2 Qf2+ $11) (32. Bxd5 Rxd5 33. Qxh5 (33. Qh6 Qe1+ 34. Kh2 Qf2+ $11) 33... Qe1+ 34. Kh2 Qf2+ 35. Kh1 Qf1+) 32... Qd6 33. gxf7+ Kxf7 34. Qxh5+ Kg8 35. Bh4 $1 {[%cal Gh5g5,Gh4g3,Gh1h2,Rd6h2]} (35. Bg5 Rc8 {[%cal Gc8c1,Gd6h2]} 36. Qd1) 35... Qe6 (35... Nxe3 36. Qg5+ $18 {[%csl Re3]}) (35... Rc8 36. Qg5+ Kh8 37. Bg3) 36. Bg3 Nxe3 (36... Rc8 37. Be5) 37. Qg5+ Kf7 38. Bf3 $36 {[%cal Gf3h5]}) (31... Qe1+ 32. Kh2 $18) (31... Ne6 32. Qh6 fxg6 33. Qxg6+ $18) 32. Qh6 (32. Qxh4 $2 fxg6 33. Bxd8 Qxb2 $14) (32. Qh5 $2 Qe1+ 33. Kh2 Qg3+ 34. Kg1 Qe1+ 35. Bf1 Qxe3+ 36. Kh1 Qe4+ 37. Bg2 Qe1+ 38. Kh2 Qg3+ $11) 32... Qe1+ 33. Kh2 Qg3+ 34. Kg1 Qe1+ 35. Bf1 Qg3+ 36. Kh1 Qf3+ 37. Bg2 Qd1+ 38. Kh2 {An aggressive and delightful game by Kramnik to end the tournament!} 1-0

[Event "Les Sables d'Olonneop 4th"]
[Site "Les Sables d'Olonne"]
[Date "2017.07.17"]
[Round "4"]
[White "Bailet, Pierre"]
[Black "Koziak, Vitali"]
[Result "1-0"]
[WhiteElo "2525"]
[BlackElo "2510"]
[PlyCount "107"]
[EventDate "2017.07.15"]
[EventType "swiss"]
[EventRounds "9"]
[EventCountry "FRA"]
[SourceTitle "EXT 2018"]
[Source "ChessBase"]
[SourceDate "2017.10.13"]
[SourceVersion "1"]
[SourceVersionDate "2017.10.13"]
[SourceQuality "1"]

1. Nf3 d5 2. g3 g6 3. Bg2 Bg7 4. O-O e5 5. d3 Ne7 6. Nbd2 Nbc6 7. e4 O-O 8. c3 a5 9. a4 b6 10. Re1 dxe4 11. dxe4 Ba6 12. Qb3 Nc8 $146 ({RR} 12... Qd7 13. Bf1 Bxf1 14. Nxf1 Rad8 15. Bg5 Qg4 16. Bxe7 Nxe7 17. N3d2 Rd3 18. Rad1 Rfd8 19. Ne3 Qd7 20. Ndc4 Nc6 21. Qb5 Na7 22. Qa6 Nc6 23. Qb7 Qe6 24. Rxd3 Rxd3 25. Qxc7 Bf8 26. Qxb6 h5 27. Qb5 {Haub,T (2468)-Guliyev,N (2590) Metz 2007 1-0 (41)}) 13. Nc4 Nd6 14. Bf1 Bxc4 15. Bxc4 Nxc4 16. Qxc4 Qf6 17. Kg2 Rfe8 18. Be3 Qe6 19. Nd2 f6 20. Red1 Kf7 21. Qb5 Red8 22. Nc4 Na7 23. Qb3 Nc6 24. f3 Bf8 25. Rd5 Be7 26. Rad1 Rac8 27. g4 g5 28. Bf2 Nb8 29. Rxd8 Bxd8 30. Bxb6 Nc6 31. Bc5 Rb8 32. Qa2 Kg6 33. b3 Be7 34. Bf2 h5 35. h3 hxg4 36. hxg4 Rh8 37. Qd2 Rd8 38. Qc2 Rh8 39. Rh1 Rd8 40. Ne3 Bf8 41. Nd5 Rd7 42. Rh8 Bd6 43. Qb1 Rh7 44. Rxh7 Kxh7 45. Qd3 Ne7 46. Nxe7 Bxe7 47. Qd5 Qxd5 48. exd5 Kg6 49. Be1 Bc5 50. b4 Bb6 51. Bf2 Kf7 52. Bxb6 cxb6 53. bxa5 bxa5 54. c4 1-0

[Event "TUR-chT"]
[Site "Kocaeli"]
[Date "2017.08.04"]
[Round "11.2"]
[White "Kuzubov, Yuriy"]
[Black "Ali Marandi, Cemil Can"]
[Result "1-0"]
[WhiteElo "2646"]
[BlackElo "2515"]
[PlyCount "57"]
[EventDate "2017.07.26"]
[EventType "team-tourn"]
[EventRounds "13"]
[EventCountry "TUR"]
[SourceTitle "CBM 179 Extra"]
[Source "ChessBase"]
[SourceDate "2017.08.23"]
[SourceVersion "1"]
[SourceVersionDate "2017.08.23"]
[SourceQuality "1"]
[WhiteTeam "Mersin Zeka"]
[BlackTeam "Panelsan Genc"]
[WhiteTeamCountry "TUR"]
[BlackTeamCountry "TUR"]

1. Nf3 f5 2. d3 Nf6 3. Nc3 d6 4. e4 Nc6 ({RR} 4... g6 5. e5 dxe5 6. Nxe5 Bg7 7. d4 Be6 8. Be2 Nbd7 9. O-O Nxe5 10. dxe5 Nd5 11. Nxd5 Qxd5 12. Qxd5 Bxd5 13. Rd1 O-O-O 14. Bf4 h6 15. h4 e6 16. c4 Bc6 17. Rxd8+ Rxd8 18. Rd1 Rg8 19. b4 {Malakhov,V (2713)-Nepomniachtchi,I (2767) Doha 2016 0-1 (60)}) 5. Bg5 g6 6. Nh4 $146 ({RR} 6. Bxf6 exf6 7. exf5 Bxf5 8. d4 d5 9. Bb5 Qd6 10. O-O Bh6 11. Nh4 Be6 12. Re1 O-O 13. h3 Rfe8 14. Ba4 Re7 15. Bb3 Rd8 16. a3 Na5 17. Ba2 Nc4 18. Bxc4 dxc4 19. d5 Bf7 20. Rxe7 Qxe7 {Deviprasath,S (2381)-Castaneda,J (2120) chess.com INT 2024 1-0 (87)}) ({RR} 6. Bxf6 exf6 7. exf5 Bxf5 8. d4 d5 9. Bb5 Qd6 10. O-O Bh6 11. Nh4 Be6 12. Re1 O-O 13. h3 Rfe8 14. Ba4 Re7 15. Bb3 Rd8 16. a3 Na5 17. Ba2 Nc4 18. Bxc4 dxc4 19. d5 Bf7 20. Rxe7 Qxe7 {Deviprasath,S (2381)-Castaneda,J (2120) chess.com INT 2024 1-0 (87)}) 6... Bg7 7. exf5 gxf5 8. d4 O-O 9. Qd2 Ne4 10. Nxe4 fxe4 11. c3 d5 12. f3 h6 13. Bxh6 e5 14. Bxg7 Kxg7 15. Qf2 Qg5 16. dxe5 Nxe5 17. Be2 exf3 18. Nxf3 Nxf3+ 19. gxf3 Qf4 20. Qg3+ Qxg3+ 21. hxg3 Bf5 22. O-O-O c6 23. Rde1 Bg6 24. Bd1 Rf7 25. Re5 b5 26. Rg5 Re8 27. Bc2 Rf6 28. f4 Kf7 29. f5 1-0

[Event "Titled Tuesday intern op 1st Aug"]
[Site "Chess.com INT"]
[Date "2017.08.01"]
[Round "8"]
[White "Petrosian, Tigran L"]
[Black "Kosteniuk, Alexandra"]
[Result "1-0"]
[WhiteElo "2615"]
[BlackElo "2552"]
[PlyCount "63"]
[EventDate "2017.08.01"]
[EventType "swiss (blitz)"]
[EventRounds "10"]
[EventCountry "USA"]
[SourceTitle "EXT 2021"]
[Source "ChessBase"]
[SourceDate "2020.10.23"]
[SourceVersion "1"]
[SourceVersionDate "2020.10.23"]
[SourceQuality "1"]

1. Nf3 Nf6 2. g3 b6 3. Bg2 Bb7 4. d3 d5 5. Nbd2 Nbd7 6. O-O e5 7. e4 dxe4 8. dxe4 Bc5 9. Qe2 O-O 10. Nh4 Re8 11. Nc4 $146 ({RR} 11. Rd1 Qb8 12. Nb3 Bf8 13. Bg5 h6 14. Bxf6 Nxf6 15. Nd2 a5 16. a4 Bc6 17. Nf5 Qb7 18. f3 Rad8 19. Bf1 Bc5+ 20. Ne3 Nh7 21. Ndc4 Rxd1 22. Qxd1 f5 23. exf5 Bxf3 24. Qd7 Nf6 25. Qd2 Re7 {Soehnle,J-Link,A Baden 2002 0-1 (33)}) 11... Nf8 12. Rd1 Qc8 13. Nf5 g6 14. Nh4 Qg4 15. Bf3 Qe6 16. b3 b5 17. Na5 Ba6 18. a3 Bd4 19. Ra2 c5 20. Qe1 c4 21. a4 cxb3 22. Nxb3 bxa4 23. Rxa4 Qc6 24. Qa5 Bb5 25. Nxd4 exd4 26. Raxd4 Re5 27. Bf4 Rc5 28. Rd6 Qc8 29. Rd8 Be2 30. Rxc8 Raxc8 31. Qxc5 Rxc5 32. Bxe2 1-0

[Event "Sinquefield Cup 5th"]
[Site "Saint Louis"]
[Date "2017.08.03"]
[Round "2"]
[White "Carlsen, Magnus"]
[Black "Karjakin, Sergey"]
[Result "1-0"]
[WhiteElo "2822"]
[BlackElo "2773"]
[PlyCount "83"]
[EventDate "2017.08.02"]
[EventType "tourn"]
[EventRounds "9"]
[EventCountry "USA"]
[EventCategory "22"]
[SourceTitle "CBM 180"]
[Source "ChessBase"]
[SourceDate "2017.09.13"]
[SourceVersion "1"]
[SourceVersionDate "2017.09.13"]
[SourceQuality "1"]

1. Nf3 Nf6 2. g3 c5 3. Bg2 Nc6 4. O-O e5 5. e4 d6 6. d3 g6 7. a3 Bg7 8. c3 O-O 9. b4 a6 10. Nbd2 b5 11. Rb1 Nd7 12. Nb3 cxb4 $146 ({RR} 12... Nb6 13. Bg5 Qd7 14. Qd2 Na4 15. Rfc1 Bb7 16. c4 Nd4 17. bxc5 dxc5 18. cxb5 Nxb3 19. Rxb3 axb5 20. Be3 Rfc8 21. h4 {½-½ (21) Hausrath,D (2462)-Kurmann,O (2438) Munich GER 2024}) ({RR} 12... Nb6 13. Bg5 Qd7 14. Qd2 Na4 15. Rfc1 Bb7 16. c4 Nd4 17. bxc5 dxc5 18. cxb5 Nxb3 19. Rxb3 axb5 20. Be3 Rfc8 21. h4 {½-½ (21) Hausrath,D (2462)-Kurmann,O (2438) Munich GER 2024}) 13. axb4 Nb6 14. Be3 Be6 15. Qd2 Rc8 16. Rfc1 Re8 17. h4 Na4 18. c4 h5 19. Kh2 Bg4 20. cxb5 axb5 21. Na5 Nd4 22. Rxc8 Qxc8 23. Rc1 Qd7 24. Nxd4 exd4 25. Bh6 Bh8 26. Rc6 Nc3 27. f3 Be6 28. Bf4 Be5 29. Bxe5 dxe5 30. f4 Qe7 31. Rc5 Rc8 32. Rxc8+ Bxc8 33. Nc6 Qd6 34. Nxe5 Qxb4 35. f5 Qd6 36. Nf3 gxf5 37. Qg5+ Kh7 38. e5 Qg6 39. Qd8 Be6 40. Ng5+ Kg7 41. Qxd4 Na4 42. Nh3 1-0

[Event "ESP-ch rapid"]
[Site "Linares"]
[Date "2017.08.13"]
[Round "4"]
[White "Salgado Lopez, Ivan"]
[Black "Del Rio de Angelis, Salvador Gabriel"]
[Result "1-0"]
[WhiteElo "2627"]
[BlackElo "2511"]
[PlyCount "77"]
[EventDate "2017.08.13"]
[EventType "swiss (rapid)"]
[EventRounds "9"]
[EventCountry "ESP"]
[SourceTitle "CBM 179 Extra"]
[Source "ChessBase"]
[SourceDate "2017.08.23"]
[SourceVersion "1"]
[SourceVersionDate "2017.08.23"]
[SourceQuality "1"]

1. Nf3 e6 2. b3 b6 3. g3 Bb7 4. Bg2 f5 5. O-O Nf6 6. Bb2 g6 7. d3 Bg7 8. Nbd2 O-O 9. Re1 $146 ({RR} 9. e4 fxe4 10. Ng5 Nc6 11. dxe4 h6 12. Ngf3 Kh7 13. Rb1 d6 14. c4 e5 15. Re1 a5 16. a3 Nd7 17. Nf1 Nc5 18. Qc2 a4 19. b4 Nb3 20. Ne3 Ncd4 21. Nxd4 exd4 22. Nd5 c5 23. b5 Bxd5 {De Silva,L (2085)-Chkuaseli,R (1860) Chess.com INT 2021 1-0 (41)}) ({RR} 9. e4 fxe4 10. Ng5 Nc6 11. dxe4 h6 12. Ngf3 Kh7 13. Rb1 d6 14. c4 e5 15. Re1 a5 16. a3 Nd7 17. Nf1 Nc5 18. Qc2 a4 19. b4 Nb3 20. Ne3 Ncd4 21. Nxd4 exd4 22. Nd5 c5 23. b5 Bxd5 {De Silva,L (2085)-Chkuaseli,R (1860) Chess.com INT 2021 1-0 (41)}) 9... d6 10. c4 e5 11. e3 Nbd7 12. Qc2 h6 13. Nxe5 Bxg2 14. Nxd7 Qxd7 15. Kxg2 g5 16. f3 Rae8 17. Rad1 Qc6 18. Bxf6 Bxf6 19. d4 Bg7 20. Qd3 Qd7 21. Re2 Kh8 22. Rde1 c5 23. d5 a6 24. a4 b5 25. cxb5 axb5 26. Qxb5 Qxb5 27. axb5 Rb8 28. Nc4 Rxb5 29. Nxd6 Rxb3 30. e4 fxe4 31. fxe4 Rd3 32. Rc2 Bc3 33. Ree2 g4 34. Nf5 h5 35. Re3 Rxe3 36. Nxe3 Be5 37. Nf5 Ra8 38. Rxc5 Ra2+ 39. Kf1 1-0

[Event "Abu Dhabi op 24th"]
[Site "Abu Dhabi"]
[Date "2017.08.17"]
[Round "4"]
[White "Amin, Bassem"]
[Black "Stupak, Kirill"]
[Result "1-0"]
[WhiteElo "2680"]
[BlackElo "2573"]
[PlyCount "91"]
[EventDate "2017.08.14"]
[EventType "swiss"]
[EventRounds "9"]
[EventCountry "UAE"]
[SourceTitle "CBM 180 Extra"]
[Source "ChessBase"]
[SourceDate "2017.10.06"]
[SourceVersion "1"]
[SourceVersionDate "2017.10.06"]
[SourceQuality "1"]
[WhiteClock "0:39:22"]
[BlackClock "0:01:02"]

1. e4 e6 2. d3 d5 3. Nd2 Nf6 4. Ngf3 c5 5. g3 g6 6. Bg2 Bg7 7. O-O O-O 8. Re1 Nc6 9. c3 Re8 10. e5 Nd7 11. d4 f6 12. exf6 Qxf6 ({RR} 12... Nxf6 13. h3 b6 14. Ne5 Bb7 15. Ndf3 Nxe5 16. Nxe5 Nd7 17. Bf4 cxd4 18. cxd4 Rc8 19. Nxd7 Qxd7 20. Be5 Bh6 21. h4 Qf7 22. Bh3 Bc6 23. Qd3 Bd7 24. Re2 Rc6 25. Rae1 a5 26. Kg2 Rc4 27. Bg4 {Areshchenko,A (2694)-Vovk,Y (2550) Kiev 2011 1-0 (44)}) 13. Nb3 c4 14. Nbd2 ({RR} 14. Bg5 Qf7 15. Nbd2 e5 16. dxe5 Ndxe5 17. Nxe5 Nxe5 18. f4 Bg4 19. Qa4 Nd7 20. Qa5 Nb6 21. h3 Be2 22. Ne4 dxe4 23. Rxe2 h6 24. Bh4 g5 25. Bxg5 hxg5 26. Qxg5 Qf6 27. Qxf6 Bxf6 28. Bxe4 Na4 {Amin,B (2627)-Berescu,A (2458) Abu Dhabi 2014 ½-½ (34)}) 14... e5 15. b3 $146 ({RR} 15. dxe5 Ndxe5 16. Nxe5 Nxe5 17. Bxd5+ Kh8 18. Ne4 Nf3+ 19. Kh1 Qf8 20. Re3 Ne5 21. Ng5 h6 22. Rxe5 Bxe5 23. Nf7+ Kh7 24. Bxh6 Bg7 25. Bf4 Bf5 26. g4 Bd3 27. Qf3 Rac8 28. Qh3+ Bh6 29. Bxh6 Qc5 {Jumabayev,R (2620)-Odegov,A (2286) chess.com INT 2022 1-0 (31)}) ({RR} 15. dxe5 Ndxe5 16. Nxe5 Nxe5 17. f4 Bg4 18. Bxd5+ Kh8 19. Qa4 Qb6+ 20. Kg2 Bd7 21. Qb4 Qxb4 22. cxb4 Nd3 23. Rxe8+ Rxe8 24. Bxc4 Ne1+ 25. Kh1 Bc6+ 26. Kg1 Bd4+ 27. Kf1 Nc2 28. Be2 Nxa1 29. b5 Bd5 {Rom,J (2178)-Hayrapetyan,E (2216) chess.com INT 2024 0-1 (35)}) ({RR} 15. Nxe5 Ndxe5 16. Bxd5+ Kh8 17. dxe5 Nxe5 18. Bg2 Bg4 19. f3 Qb6+ 20. Kf1 Bf5 21. Ne4 Nd3 22. Be3 Qxb2 23. Re2 Qa3 24. Rb1 b6 25. Bd4 Bxd4 26. cxd4 Bxe4 27. fxe4 Qc3 28. d5 Rf8+ 29. Kg1 Qd4+ {Singh,A (2121)-Rahul,S (2379) Jammu 2018 0-1 (44)}) 15... cxb3 16. Qxb3 Kh8 17. Qxd5 Nb6 18. Qb5 Bf5 19. Bb2 exd4 20. cxd4 Rxe1+ 21. Rxe1 Rd8 22. Nb3 Bd7 23. Qe2 Bg4 24. h3 Bxf3 25. Qxf3 Qxf3 26. Bxf3 Kg8 27. Kg2 Kf7 28. Rc1 Na4 29. Ba1 Rc8 30. Na5 Ne7 31. Rxc8 Nxc8 32. Bxb7 Nd6 33. Bd5+ Kf8 34. Nc6 a6 35. Bb3 Nb6 36. Bc3 Ke8 37. Bb4 Nb5 38. d5 Nc7 39. d6 Ncd5 40. Ba3 Bc3 41. Kf3 a5 42. Ke4 Nf6+ 43. Kd3 Be1 44. Bc5 Nfd5 45. a3 a4 46. Ba2 1-0

[Event "ESP-chT CECLUB Honor"]
[Site "Linares"]
[Date "2017.08.19"]
[Round "6.3"]
[White "Ibarra Jerez, Jose Carlos"]
[Black "Korneev, Oleg"]
[Result "1-0"]
[WhiteElo "2569"]
[BlackElo "2566"]
[PlyCount "101"]
[EventDate "2017.08.14"]
[EventType "team-tourn"]
[EventRounds "7"]
[EventCountry "ESP"]
[SourceTitle "CBM 180 Extra"]
[Source "ChessBase"]
[SourceDate "2017.10.06"]
[SourceVersion "1"]
[SourceVersionDate "2017.10.06"]
[SourceQuality "1"]
[WhiteTeam "Beniajan Duochess CAC"]
[BlackTeam "Merida Patrimonio"]
[WhiteTeamCountry "ESP"]
[BlackTeamCountry "ESP"]

1. Nf3 d5 2. g3 c6 3. Bg2 Bg4 4. h3 Bh5 5. O-O Nd7 6. d3 e6 7. e4 Bd6 8. exd5 exd5 9. c4 Ne7 10. Nc3 O-O 11. cxd5 cxd5 12. g4 Bg6 13. Nh4 Nc5 14. d4 Ne6 15. f4 Nc6 16. Nxg6 hxg6 17. Nxd5 $146 ({RR} 17. Be3 Re8 18. f5 gxf5 19. Rxf5 Ne7 20. Rf2 Ng6 21. Qf3 Qd7 22. Raf1 Bf4 23. Qxd5 Qxd5 24. Nxd5 Bxe3 25. Nxe3 Nxd4 26. Nd5 Rf8 27. Be4 Nc6 28. Kg2 Rae8 29. Bxg6 fxg6 30. Rxf8+ Rxf8 31. Rxf8+ Kxf8 {Moussard,J (2571)-Raghunandan,K (2423) London 2016 1-0 (59)}) ({RR} 17. Be3 Nc7 18. Qf3 Re8 19. Rad1 Bb4 20. Bf2 Bxc3 21. bxc3 Qf6 22. Bg3 Rad8 23. f5 Nb5 24. Qd3 Na3 25. Bf4 g5 26. Bc1 Nc4 27. Rde1 Rxe1 28. Rxe1 b5 29. h4 gxh4 30. g5 Qd6 31. g6 Qd7 {Blomqvist,E (2491)-Hobber,A (2307) Norway 2018 1-0 (34)}) 17... Nexd4 18. Be3 Ne6 19. Rc1 Nc7 20. Qd2 Nxd5 21. Bxd5 Bb4 22. Qd3 Ba5 23. Qb3 Bb6 24. Bxb6 axb6 25. Rcd1 Qc7 26. f5 gxf5 27. Rxf5 Rad8 28. Qc3 Rde8 29. Rdf1 Re7 30. Rg5 Re5 31. Rff5 Rfe8 32. Bxf7+ Qxf7 33. Rxf7 Kxf7 34. Rxe5 Rxe5 35. Qb3+ Kf6 36. Qxb6 Re7 37. Kf2 Ke5 38. b4 Rf7+ 39. Ke3 Ne7 40. Qd4+ Ke6 41. Ke4 Nc6 42. Qc4+ Ke7 43. h4 Rf6 44. b5 Nd8 45. Qc7+ Ke8 46. Qxg7 Re6+ 47. Kf5 Re2 48. h5 Nf7 49. h6 Rf2+ 50. Kg6 Rf4 51. g5 1-0